000 00787nam a2200241 4500
001 11782
003 HDC
007 cr bn ---aaaaa
008 210208c dr|noo 0 a eng d
040 _aHDC
245 0 _aRussia's Cherkizovo licensed to export poultry to Egypt
260 _a[No place] :
_bWATTAgNet.com,
_c[no year]
336 _atext
_2rdacontent
337 _acomputer
_2rdamedia
338 _aonline resource
_2rdacarrier
650 _aexport licenses
_912162
650 _apoultry products
_911603
710 _aWATTAgNet.com
856 _zRequest full-text at [email protected]
942 _2lcc
942 _cNEWS
942 _kNWSO 002336
999 _c9105
_d9105